| 000 | 00432nam a2200157Ia 4500 | ||
|---|---|---|---|
| 008 | 231217s9999 xx 000 0 und d | ||
| 041 | _aEnglish | ||
| 082 | _a001.6424 MAR;5 | ||
| 100 | _aMartin, John C | ||
| 245 | 0 | _aIntroduction to languages and the theory of computation | |
| 250 | _a3rd ed | ||
| 260 |
_c2003 _bTata McGraw-Hill _aNew Delhi |
||
| 300 | _axiii+543 | ||
| 650 | _alanguages,theory,computation | ||
| 942 | _cAA | ||
| 999 |
_c170385 _d170385 |
||